000 00747nam a2200265Ia 4500
003 OSt
005 20221006144623.0
006 a|||||r|||| 00| 0
007 ta
008 221006b |||||||| |||| 00| 0 eng d
020 _c256.00
024 _a12,151
037 _cTextual
040 _aEASL
_cEASL
_beng
041 _2eng
_aeng
082 _aV41y7M66, M4
100 _aFOGEL Joshua A
245 0 _aPolitics and sinology Case of naito konan 1866-1934
260 _aLondon
_bCouncil on East Asian Studies
_c1984
300 _a420p.
_ccm.
650 _a Sinologists- Japan Bibliography
_9652446
650 _aNaito torajiro
_9652447
942 _hV41y7M66, M4
_cTEXL
_2CC
999 _c1080237
_d1080237